LDR 01019naa#a2200217#i#450# 001 RU\\bibl\118740 005 20260514055442.4 011 ## _a1994-4683 100 ## _a20230428b2023####ek#y0rusy0150####ca 102 ## _aRU 200 1# _aСПЕЦИАЛЬНЫЕ СКОРОСТНЫЕ СПОСОБНОСТИ В ФУТБОЛЕ И МЕТОДИКА ИХ РАЗВИТИЯ В ГРУППАХ СПОРТИВНОЙ СПЕЦИАЛИЗАЦИИ _eЖурнальная статья 210 1# _aМосква _cНациональный государственный Университет физической культуры, спорта и здоровья им. П.Ф. Лесгафта _d2023 215 ## _a4 с. 608 ## _aЖурнальная статья _2local 675 ## _aФутбол. 796.332 _z 700 #1 _aПрокофьев _gИ Е 700 #1 _aЛавриненко _gВ И 700 #1 _aЛеонтьева _gН А 700 #1 _aАлександров _gС Н 700 #1 _aЛавриненко _gН И 856 4# _auchzapiski.lesgaft.spb.ru _u